Marvel Character Adjectives Quiz Stats

 Plays Quiz Updated Dec 5, 2018

     
Support Sporcle.
Go Orange.
Score 0/8 Timer 03:00
5 Plays Today
Character Adjective % Correct
FourFantastic
94.9%
HulkIncredible
94.1%
Spider-ManAmazing
91.9%
X-MenUncanny
43.7%
ThorMighty
42.5%
Iron ManInvincible
39.7%
Ant-ManIrredeemable
17.6%
She-HulkSavage
13.9%

From the Vault

Third in Line: Studio Albums

by pdigoe

Music 3m
The third album seems to be where a lot of bands hit their stride.
Remove Ads.
Support Sporcle.
Get the best of Sporcle when you Go Orange. This ad-free experience offers more features, more stats, and more fun while also helping to support Sporcle. Thank you for becoming a member.

Show Comments

Extras

Top Quizzes Today


Score Distribution

Your Account Isn't Verified!

In order to create a playlist on Sporcle, you need to verify the email address you used during registration. Go to your Sporcle Settings to finish the process.

Report this User

Report this user for behavior that violates our Community Guidelines.

Details: